Envolturas psíquicas y experiencias insatisfactorias con la atención obstétrica durante el embarazo: Un estudio exploratorio (notice n° 1714499)
[ vue normale ]
| 000 -LEADER | |
|---|---|
| fixed length control field | 02168cam a2200181 4500500 |
| 005 - DATE AND TIME OF LATEST TRANSACTION | |
| control field | 20260322001414.0 |
| 041 ## - LANGUAGE CODE | |
| Language code of text/sound track or separate title | fre |
| 042 ## - AUTHENTICATION CODE | |
| Authentication code | dc |
| 100 10 - MAIN ENTRY--PERSONAL NAME | |
| Personal name | Marcoux-Bélair, E. |
| Relator term | author |
| 245 00 - TITLE STATEMENT | |
| Title | Envolturas psíquicas y experiencias insatisfactorias con la atención obstétrica durante el embarazo: Un estudio exploratorio |
| 260 ## - PUBLICATION, DISTRIBUTION, ETC. | |
| Date of publication, distribution, etc. | 2026.<br/> |
| 500 ## - GENERAL NOTE | |
| General note | 72 |
| 520 ## - SUMMARY, ETC. | |
| Summary, etc. | IntroducciónEn Quebec, más del 90 por ciento de los seguimientos del embarazo se realizan en centros hospitalarios, principalmente a cargo de obstetras-ginecólogos/as. Esta investigación cualitativa exploratoria describe la experiencia insatisfactoria de la atención obstétrica durante el embarazo y explora cómo se construyen la identidad materna y el vínculo con el bebé por nacer en este contexto.MétodoSe realizaron entrevistas semiestructuradas a cinco participantes que habían recibido atención durante el embarazo en un centro hospitalario de Quebec en los últimos tres años.ResultadosEl análisis temático de las entrevistas revela que hay tres aspectos clave que explican su experiencia de insatisfacción: las palabras de los profesionales de la salud, sus gestos y la relación entre el paciente y el personal sanitario. Los resultados también sugieren que esta experiencia de insatisfacción habría afectado a la experiencia general del embarazo, debilitando para algunas personas el vínculo con el bebé por nacer. Sin embargo, el alcance de esta invasión parece haber sido modulado de manera significativa por los recursos internos y externos propios de cada una, lo que es coherente con el concepto de «envolturas psíquicas».ConclusiónEsta investigación exploratoria destaca la importancia de prestar atención a la forma en que se atiende a la persona embarazada durante el embarazo, con el objetivo de humanizar la atención perinatal y proteger la calidad del vínculo entre padres e hijos. |
| 700 10 - ADDED ENTRY--PERSONAL NAME | |
| Personal name | Allard, M.-A. |
| Relator term | author |
| 700 10 - ADDED ENTRY--PERSONAL NAME | |
| Personal name | Noël, R. |
| Relator term | author |
| 786 0# - DATA SOURCE ENTRY | |
| Note | Périnatalité | 17 | 3 | 2026-02-18 | p. 103-112 | 2678-6524 |
| 856 41 - ELECTRONIC LOCATION AND ACCESS | |
| Uniform Resource Identifier | <a href="https://stm.cairn.info/revista-perinatalite-2025-3-page-103?lang=es&redirect-ssocas=7080">https://stm.cairn.info/revista-perinatalite-2025-3-page-103?lang=es&redirect-ssocas=7080</a> |
Pas d'exemplaire disponible.




Réseaux sociaux